| 000 | 00537nam a2200193 a 4500 | ||
|---|---|---|---|
| 001 | 000014155 | ||
| 005 | 20240530073917.0 | ||
| 008 | 091207s2003 dr a 000 0 spa d | ||
| 040 |
_aDO-SdBNP _bspa _cBNPHU |
||
| 082 |
_aRD860.44 _bC118p |
||
| 100 | 1 |
_aCáceres, Domingo A. _931997 |
|
| 245 | 1 | 0 | _aPradera, sueño y asfalto/. |
| 260 |
_aSanto Domingo : _b[s.n.], _c2003. |
||
| 300 |
_a128 p. ; _c21 cm. |
||
| 650 | 0 |
_aCuentos dominicanos _9176 |
|
| 650 | 0 |
_aPoesía dominicana _966 |
|
| 650 | 0 |
_aNovela dominicana _9223 |
|
| 049 | _aBNPD | ||
| 999 |
_c13757 _d13757 |
||